000 00271nam a2200109Ia 4500
008 190913s9999||||xx |||||||||||||| ||und||
100 _aNigel Crook
245 0 _aPrinciples of Population and Development
260 _aKarachi
_bOxford
_c1797
300 _a535
942 _cBK
999 _c8163
_d8163